History Quiz

Random History or Famous Quiz
Score 0/18 Timer 04:00
0 Plays Today
Question Person % Correct
Neville Chamberlain in Munich, GermanyAdolf Hitler
86.8%
Franklin D. Roosevelt and Winston Churchill in Tehran, IranJoseph Stalin
77.4%
Richard Nixon in Beijing, ChinaMao Zedong
77%
Ulysses Grant in Appomattox Court House, Virginia, USARobert E. Lee
73.6%
Elvis Presley in Washington D.C., USARichard Nixon
71.4%
Douglas MacArthur in Tokyo, JapanEmperor Hirohito
68.3%
Ronald Reagan in Reykjavík, IcelandMikhail Gorbachev
63%
John Rolfe in Virginia, USAPocahontas
61.9%
Henry Morton Stanley at Ujiji, TanzaniaDavid Livingstone
57.1%
Question Person % Correct
Benjamin Franklin in Versailles, France King Louis XVI
52.9%
Charles Rolls in Manchester, EnglandFrederick Royce
50.6%
Hernán Cortés in Tenochtitlan, Mexico Moctezuma II
49.6%
Fidel Castro in Mexico City, MexicoErnesto 'Che' Guevara
43.8%
The future Queen Victoria in Coburg, Bavaria, GermanyPrince Albert of Saxe-Coburg and Gotha
43%
Dauphin Charles of France in Chinon, FranceJoan of Arc
42.6%
Jimmy Carter and Anwar al-Sadat at Camp David, Maryland, USAMenachem Begin
40.2%
Edward Prince of Wales in Melton Mowbray, Leicestershire, EnglandWallis Simpson
35.3%
Marco Polo in Dadu, ChinaKublai Khan
32.8%
Remove Ads.
Support Sporcle.
Get the best of Sporcle when you Go Orange. This ad-free experience offers more features, more stats, and more fun while also helping to support Sporcle. Thank you for becoming a member.

You're not logged in!

Compare scores with friends on all Sporcle quizzes.
OR
Log In

Show Comments

Extras

Top Quizzes Today


Score Distribution

Your Account Isn't Verified!

In order to create a playlist on Sporcle, you need to verify the email address you used during registration. Go to your Sporcle Settings to finish the process.

Report this User

Report this user for behavior that violates our Community Guidelines.

Details: